[Event "Zug"]
[Site "Zug"]
[Date "1987.??.??"]
[Round "4"]
[White "Ballmann, Martin"]
[Black "Klinger, Josef"]
[Result "0-1"]
[WhiteElo "2290"]
[BlackElo "2490"]

1.c4 e6 2.Nf3 d5 3.d4 c6 4.cxd5 exd5 5.Nc3 Bd6 6.g3 f5 7.Bf4 Nf6 8.e3 O-O
9.Be2 Ne4 10.Bxd6 Qxd6 11.Ne5 Nd7 12.Nd3 Qh6 13.Qc2 Ndf6 14.Ne5 Be6 15.Bd3 Nd7
16.Nxd7 Bxd7 17.O-O-O Rac8 18.Kb1 Qd6 19.f3 Nxc3+ 20.Qxc3 Rce8 21.Rde1 Qh6
22.Qd2 Re7 23.Re2 Be8 24.Rhe1 Bh5 25.Rf2 Rfe8 26.Bxf5 Rxe3 27.Rxe3 Rxe3 28.f4 Re7
29.Bd3 Qf6 30.f5 Re8 31.Qf4 Qe7 32.a3 Qe1+ 33.Ka2 Qe3 34.Qxe3 Rxe3 35.Bc2 Kf7
36.b3 Kf6 37.Kb2 Re2 38.Rxe2 Bxe2 39.Kc3 Bg4 40.Kd2 Bxf5 41.Bd1 b6 42.b4 Ke6
43.Bf3 Kd6 44.Kc3 Be4 45.Bg4 c5 46.bxc5+ bxc5 47.Be2 c4 48.Bd1 Ke6 49.Bg4+ Kf6
50.Bh3 h5 51.Bd7 Bf5 52.Ba4 Kg5 53.Bd1 Bg4 54.Ba4 h4 55.Kd2 hxg3 56.hxg3 Bf5
57.Bd1 Be4 58.Kc3 Kf5 59.Kd2 Bg2 60.Ke3 c3 61.Kd3 c2 62.Kxc2 Ke4 63.Kc3 g5
64.Kd2 Kxd4 65.Be2 Ke4 66.Bd1 Bf1 67.Bg4 d4 68.Ke1 Bc4 69.Kd2 Bf7 70.Bd1 Be6
71.Be2 Bd7 72.Bd1 d3 73.Bh5 Bb5 74.Bd1 Bd7 75.Bh5 Be6 76.Bd1  0-1

[Event "NOR-ch"]
[Site "Asker"]
[Date "1988.??.??"]
[Round "3"]
[White "Ostenstad, Berge"]
[Black "Agdestein, Simen"]
[Result "0-1"]
[WhiteElo "2405"]
[BlackElo "2595"]

1.Nf3 e6 2.c4 d5 3.d4 Nf6 4.Bg5 Be7 5.Nc3 O-O 6.e3 h6 7.Bxf6 Bxf6 8.Qd2 a6
9.Rc1 Nc6 10.cxd5 exd5 11.Be2 Ne7 12.O-O Nf5 13.Qc2 c6 14.Na4 Re8 15.Nc5 g6
16.Bd3 Nd6 17.Rfe1 Bg7 18.Qb3 Re7 19.h3 Qe8 20.Qb6 f5 21.Bf1 g5 22.g3 g4
23.Ne5 Bxe5 24.dxe5 Rxe5 25.Nd3 Re7 26.Nf4 Nf7 27.Red1 Ng5 28.h4 Ne6 29.Nxe6 Bxe6
30.b4 Qd8 31.Qd4 Rf7 32.a4 Qd6 33.a5 Re8 34.Bg2 Rfe7 35.Qc5 Qxc5 36.Rxc5 Bd7
37.Rd4 Kf7 38.Kf1 Rb8 39.Ke1 Ke6 40.Bf1 Kd6 41.Bd3 Rf8 42.Kd2 Be8 43.Rf4 Bg6
44.Rd4 Rf6 45.Rf4 h5 46.Kc3 Rf8 47.Kd4 Bh7 48.Bb1 Re5 49.Bd3 Rf7 50.Rc1 Rd7
51.Kc3 Re4 52.Bxe4 dxe4 53.Kb2 Kc7 54.Rc3 Rd2+ 55.Kc1 Rd5 56.Kb2 Kd6 57.Rc4 Bg8
58.Rc1 Rd2+ 59.Kb1 Ba2+ 60.Ka1 Be6 61.Kb1 Rd5 62.Kb2 Ke5 63.Rc3 Bg8 64.Ra3 Rd2+
65.Kc1 Ra2  0-1

[Event "Bad Woerishofen op"]
[Site "Bad Woerishofen"]
[Date "1988.??.??"]
[Round "7"]
[White "Cvetkovic, Srdjan"]
[Black "Finkenzeller, Arnold"]
[Result "0-1"]
[WhiteElo "2430"]
[BlackElo "2260"]

1.c4 e6 2.Nf3 d5 3.d4 Nf6 4.Nc3 Bb4 5.e3 O-O 6.Bd3 c5 7.O-O cxd4 8.exd4 dxc4
9.Bxc4 b6 10.Qe2 Bb7 11.Bg5 Bxc3 12.bxc3 Nbd7 13.Ne5 Qc7 14.Nxd7 Nxd7 15.Rac1 e5
16.f4 Rac8 17.Bb3 exd4 18.cxd4 Qd6 19.d5 Rce8 20.Qf3 Nc5 21.Bc4 Ne4 22.Rfd1 Qc5+
23.Kf1 b5 24.Bb3 Qxc1 25.Rxc1 Nd2+ 26.Kf2 Nxf3 27.Kxf3 f6 28.Bh4 Rc8 29.Rxc8 Rxc8
30.Be1 Rd8 31.Ke4 Re8+ 32.Kd4 Rxe1 33.d6+ Kf8 34.d7 Ke7  0-1

[Event "URS-ch otbor56"]
[Site "Barnaul"]
[Date "1988.??.??"]
[Round "?"]
[White "Zaichik, Gennadi"]
[Black "Khenkin, Igor"]
[Result "1-0"]
[WhiteElo "2510"]
[BlackElo "2340"]

1.c4 e6 2.Nf3 d5 3.g3 g6 4.Bg2 Bg7 5.O-O Ne7 6.cxd5 exd5 7.d4 O-O 8.Nc3 Nbc6
9.h3 h6 10.e3 Be6 11.Ne1 Qd7 12.Kh2 g5 13.Nd3 b6 14.b4 a6 15.a4 Ng6 16.Bb2 Rad8
17.Rc1 Qd6 18.Ba3 Na5 19.Nxd5 Bxd5 20.Bxd5 Qxd5 21.bxa5 Rfe8 22.Rxc7 bxa5
23.Qc2 Re6 24.Rb1 h5 25.Rc5 Qd6 26.Rc8 Qd7 27.Rbb8 Ree8 28.Rxd8 Rxd8 29.Nc5 Qc7
30.Rb7 Qc6 31.Qf5  1-0

[Event "Berlin op"]
[Site "Berlin-West"]
[Date "1988.??.??"]
[Round "3"]
[White "Roski, Ferdinand"]
[Black "Hertneck, Gerald"]
[Result "1-0"]
[WhiteElo "2045"]
[BlackElo "2435"]

1.c4 e6 2.Nf3 d5 3.b3 Nf6 4.g3 c5 5.Bg2 Nc6 6.cxd5 exd5 7.O-O Be7 8.Bb2 O-O
9.d3 Re8 10.Nbd2 b6 11.h3 Bb7 12.Re1 d4 13.Rc1 Nd5 14.Nc4 Bf6 15.Nfd2 Ncb4
16.Ne4 Nxa2 17.Ncd6 Re7 18.Nxb7 Rxb7 19.Nxf6+ gxf6 20.e4 Nxc1 21.exd5 Na2
22.d6 Rab8 23.Qg4+ Kh8 24.Be4 f5 25.Qxf5 f6 26.Bxb7 Rxb7 27.Re7 Rxe7 28.Qxf6+ Kg8
29.dxe7 Qe8 30.Qe6+ Kg7 31.f4  1-0

[Event "Berlin op"]
[Site "Berlin-West"]
[Date "1988.??.??"]
[Round "5"]
[White "Lalic, Bogdan"]
[Black "Zlatilov, Ivailo"]
[Result "1-0"]
[WhiteElo "2515"]
[BlackElo "2365"]

1.c4 e6 2.Nf3 d5 3.g3 Nf6 4.Bg2 dxc4 5.Qa4+ Nbd7 6.O-O a6 7.Qxc4 b5 8.Qc2 Bb7
9.d3 Be7 10.b3 O-O 11.Bb2 c5 12.Nc3 Qb6 13.e4 Rac8 14.Rab1 Rfd8 15.Nd1 Nf8
16.Ne3 Qa7 17.Qe2 Rc7 18.h4 N6d7 19.Ng4 Qa8 20.Bc3 a5 21.h5 c4 22.bxc4 bxc4
23.h6 cxd3 24.Qd2 g6 25.Bxa5 Rc2 26.Qf4 Qxa5 27.Rxb7 g5 28.Qe3 Qc5 29.Rd1 Qxe3
30.Nxe3 Rxa2 31.Rxd3 Nc5 32.Rxd8 Bxd8 33.Rb8 Be7 34.Re8 Ra7 35.Ne5 Rc7 36.Nc6 Rxc6
37.Rxe7 Rc8 38.Ra7 Nfd7 39.Ng4 f6 40.Bf1 Kf7 41.Bb5 Ke7 42.e5 Rb8 43.Bxd7 Nxd7
44.Nxf6 Rd8 45.g4  1-0

[Event "URS-ch otbor56"]
[Site "Blagoveshchensk"]
[Date "1988.??.??"]
[Round "?"]
[White "Kaidanov, Grigory S"]
[Black "Lputian, Smbat G"]
[Result "0-1"]
[WhiteElo "2535"]
[BlackElo "2540"]

1.c4 e6 2.Nf3 d5 3.d4 c5 4.cxd5 exd5 5.Nc3 Nc6 6.e3 Nf6 7.Be2 cxd4 8.Nxd4 Bd6
9.O-O O-O 10.b3 Be5 11.Nxc6 bxc6 12.Bb2 c5 13.Rc1 Be6 14.Qd2 d4 15.Na4 Qd6
16.Nxc5 Bxh2+ 17.Kh1 dxe3 18.Qxd6 Bxd6 19.Nxe6 fxe6 20.Bf3 exf2 21.Rxf2 Rac8
22.Rcf1 e5 23.Be2 h6 24.Bc4+ Kh7 25.Rd2 Bc7 26.Re2 Ng4 27.Rc1 Nf2+ 28.Rxf2 Rxf2
29.Bxe5 Bxe5 30.Bd3+ g6 31.Rxc8 Rxa2 32.g4 Rh2+ 33.Kg1 Rh3 34.Bc4 Rg3+ 35.Kf1 Rxg4
36.Re8 Rf4+ 37.Ke2 Bd4 38.Re7+ Kh8 39.Bd3 Rf2+ 40.Ke1 Rf6 41.Rd7 Bc5 42.Rd8+ Kg7
43.Rd7+ Rf7 44.Rd5 Bb4+ 45.Ke2 h5 46.Rb5 a5 47.Be4 Rf6 48.Bf3 Kh6 49.Kf2 g5
50.Kg2 g4 51.Be2 Be1 52.Re5 Bc3 53.Rd5 Re6 54.Bd3 Re5 55.Rd6+ Kg5 56.Rg6+ Kh4
57.Rh6 Rd5  0-1

[Event "Borzhomi"]
[Site "Borzhomi"]
[Date "1988.??.??"]
[Round "?"]
[White "Sherbakov, Ruslan"]
[Black "Khenkin, Igor"]
[Result "0-1"]
[WhiteElo "2360"]
[BlackElo "2340"]

1.c4 e6 2.Nf3 d5 3.b3 Nf6 4.g3 c5 5.Bg2 Nc6 6.O-O Be7 7.e3 O-O 8.Bb2 d4 9.exd4 cxd4
10.Re1 Ne8 11.a3 a5 12.d3 f6 13.Nbd2 e5 14.Nf1 Nc7 15.h4 Na6 16.N3d2 Bf5
17.Ne4 Qd7 18.Nh2 Bh3 19.Bh1 h6 20.Rb1 f5 21.Nd2 Nc5 22.Bd5+ Kh8 23.Ndf3 e4
24.Ng5 Bxg5 25.hxg5 Nxd3 26.Qh5 f4 27.g4 e3 28.fxe3 f3 29.Bxf3 Rxf3 30.Nxf3 Bxg4
31.Qh1 Rf8 32.Nxd4 Rf2 33.Nxc6 Bh3 34.Ne5 Qf5 35.Nxd3 Rd2 36.Bxg7+ Kh7 37.Qd5 Qg4+
38.Kh1 Bg2+  0-1

[Event "BCA op"]
[Site "Buenos Aires"]
[Date "1988.??.??"]
[Round "?"]
[White "Lida Garcia, Fernando"]
[Black "Glavina, Pablo"]
[Result "1-0"]
[WhiteElo "2235"]
[BlackElo "2240"]

1.c4 e6 2.Nf3 d5 3.e3 c5 4.b3 Nc6 5.Bb2 Nf6 6.d4 cxd4 7.exd4 Bb4+ 8.Nbd2 Ne4
9.a3 Nxd2 10.Nxd2 Be7 11.Rc1 O-O 12.Be2 Qd6 13.O-O Qf4 14.Nf3 Bf6 15.c5 a5
16.Bd3 g6 17.Bb1 Qh6 18.Rc3 Qg7 19.Re3 b6 20.cxb6 Ba6 21.Rfe1 Rfb8 22.Ne5 Nxe5
23.dxe5 Bd8 24.Bd4 Bxb6 25.h4 Qf8 26.h5 Qxa3 27.hxg6 hxg6 28.Bxg6 Bxd4 29.Qh5 Ra7
30.Qh7+ Kf8 31.Rf3 Ke8 32.b4 Qxb4 33.Rb1 Bb2 34.Bxf7+ Kd8 35.Rg3 Kc7 36.Bxe6+ Kb6
37.Qc2 Bb5 38.Bxd5 a4 39.Qxb2 Qxb2 40.Rxb2 Kc5 41.Ba2 Rd7 42.Rc3+ Kb6 43.Rc1 Ka5
44.e6 Rh7 45.f4 Rh4 46.e7 Rbh8 47.Rc5 Rh1+ 48.Kf2 Rf1+ 49.Ke3 Re1+ 50.Kf3 Rf1+
51.Kg4  1-0

[Event "BUL-ch"]
[Site "BUL"]
[Date "1988.??.??"]
[Round "?"]
[White "Nikolov, Sasho"]
[Black "Semkov, Semko"]
[Result "0-1"]
[WhiteElo "2215"]
[BlackElo "2470"]

1.c4 e6 2.Nf3 d5 3.g3 c6 4.b3 Nf6 5.Bg2 Be7 6.O-O O-O 7.Bb2 Nbd7 8.d3 b5
9.Nbd2 Qb6 10.Qc2 Bb7 11.e4 Rfc8 12.e5 Ne8 13.h4 a5 14.Ng5 h6 15.Nh3 a4 16.d4 c5
17.cxd5 a3 18.dxe6 fxe6 19.Bc1 cxd4 20.Qg6 Nxe5 21.Qh5 Bxg2 22.Kxg2 Qc6+
23.f3 Nf7 24.Ne4 e5 25.Nhf2 Qe6 26.f4 Rc2 27.f5 Qc6 28.Kh3 Kh8 29.Bg5 Rxf2
30.Rxf2 Qxe4 31.Bf6 Qf3 32.Bxg7+ Kxg7 33.Rxf3 Rc8 34.f6+ Bxf6 35.Raf1 Rc6
36.b4 e4 37.Rxa3 d3 38.Kg4 Bc3 39.Ra7 Rg6+ 40.Kh3 Rf6  0-1

[Event "BUL-ch"]
[Site "BUL"]
[Date "1988.??.??"]
[Round "?"]
[White "Spiridonov, Nikola"]
[Black "Semkov, Semko"]
[Result "1/2-1/2"]
[WhiteElo "2425"]
[BlackElo "2470"]

1.Nf3 e6 2.c4 d5 3.g3 Bd6 4.Bg2 c6 5.Qc2 Ne7 6.O-O e5 7.d3 a6 8.c5 Bc7 9.e4 f6
10.Nbd2 d4 11.b4 g5 12.h4 h6 13.Nc4 Ng6 14.h5 Nf8 15.Nh2 Ne6 16.Bh3 Ng7 17.Bxc8 Qxc8
18.g4 Ne6 19.Rb1 Nd7 20.f3 a5 21.a3 axb4 22.axb4 b5 23.cxb6 Nxb6 24.Bd2 Nxc4
25.Qxc4 Kd7 26.Rfc1 Qa6 27.Qc2 Qa4 28.Rb3 Qb5 29.Nf1 Rhb8 30.Rcb1 Bd6 31.Ng3 Ra4
32.Nf5 Bf8 33.Kf2 Rba8 34.Ke2 Ra2 35.R3b2 R2a3  1/2-1/2

[Event "Burgas"]
[Site "Burgas"]
[Date "1988.??.??"]
[Round "?"]
[White "Konjevic, Djordje"]
[Black "Cherepkov, Alexander V"]
[Result "1/2-1/2"]
[WhiteElo "2320"]
[BlackElo "2405"]

1.c4 e6 2.Nf3 d5 3.d4 Be7 4.Nc3 Nf6 5.Bg5 h6 6.Bh4 O-O 7.e3 b6 8.Qc2 Bb7
9.Bxf6 Bxf6 10.cxd5 exd5 11.Be2 c5 12.O-O Nd7 13.Rfd1 Rc8 14.Rac1 Qe7 15.Qf5 g6
16.Qf4 Bg7 17.Nb5 Nf6 18.Qd6 Rfe8 19.Qxe7 Rxe7 20.Nd6 Rd8 21.Nxb7 Rxb7 22.Ba6 Rc7
23.Ne5 Ne4 24.Bd3 Nd6 25.b3 c4 26.Be2 b5 27.Bf3 Nf5 28.Nd3 Ne7 29.a4 bxa4
30.bxc4 dxc4 31.Nb2 a3 32.Rxc4 Rdc8 33.Rxc7 Rxc7 34.Nd3 Nf5 35.Bd5 Rc3 36.Nb4 Ne7
37.Ba2 a5 38.Nd5 Nxd5 39.Bxd5 Rc2 40.Kf1 Bf8 41.Ra1 Bb4 42.Ra2 Rc1+ 43.Ke2 Kf8
44.Kd3 Rc3+ 45.Ke2 Rc1 46.Kd3 Rc3+  1/2-1/2

[Event "CUB-ch"]
[Site "?"]
[Date "1988.??.??"]
[Round "?"]
[White "Hernandez, Roman"]
[Black "Alonso, Rene"]
[Result "1/2-1/2"]
[WhiteElo "2430"]
[BlackElo "2325"]

1.c4 e6 2.Nf3 d5 3.b3 Nf6 4.g3 Be7 5.Bg2 O-O 6.O-O b6 7.Bb2 Bb7 8.e3 a5 9.Nc3 Ne4
10.d3 Nxc3 11.Bxc3 Bf6 12.Qc2  1/2-1/2

[Event "Debrecen"]
[Site "Debrecen"]
[Date "1988.??.??"]
[Round "?"]
[White "Dorfman, Josif D"]
[Black "Chernikov, Oleg L"]
[Result "1/2-1/2"]
[WhiteElo "2520"]
[BlackElo "2425"]

1.c4 e6 2.Nf3 d5 3.b3 Nf6 4.Bb2 c5 5.e3 Nc6 6.cxd5 exd5 7.a3 Bf5 8.d3 Be7
9.Be2 O-O 10.O-O Nd7 11.Nbd2 Bf6 12.Ra2 a5  1/2-1/2

[Event "Edinburgh op"]
[Site "Edinburgh"]
[Date "1988.??.??"]
[Round "1"]
[White "Fatin, Tarek"]
[Black "Cooper, Lawrence"]
[Result "1-0"]
[WhiteElo "2310"]
[BlackElo "2430"]

1.c4 e6 2.Nf3 d5 3.g3 Nf6 4.b3 c5 5.Bg2 Nc6 6.O-O Be7 7.e3 O-O 8.Bb2 b6 9.Qe2 Bb7
10.d3 Re8 11.Rd1 Qc7 12.Nc3 Rad8 13.Rac1 Qb8 14.d4 dxc4 15.bxc4 Ba6 16.Nb5 Bb7
17.Ne5 Nb4 18.a3 Bxg2 19.Kxg2 cxd4 20.exd4 Na6 21.Qf3 Qa8 22.Nc6 Rd7 23.Nxe7+ Rdxe7
24.d5 e5 25.Nd6 Rd8 26.Nf5 Ree8 27.Re1 Qb8 28.Qe3 g6 29.Qg5 Nd7 30.Ne7+ Rxe7
31.Qxe7 Nac5 32.Bxe5 Nxe5 33.Qxe5 Qxe5 34.Rxe5 Nd3 35.Rce1 Nxe1+ 36.Rxe1 Rc8
37.Re4 Rd8 38.Kf3 b5 39.Ke3 bxc4 40.Kd4 c3 41.Re3 Rd7 42.Rxc3 f6 43.Rc8+ Kf7
44.Rh8 Kg7 45.Ra8 h5 46.a4 Rc7 47.d6 Rc2 48.Rxa7+ Kf8 49.Ra6 Kf7 50.Ke3 Rc3+
51.Kd2 Rc5 52.Rb6 Ra5 53.d7 Rd5+ 54.Kc3 Rxd7 55.a5 Rd1 56.Rb3 Ra1 57.Kb4 Ra2
58.Ra3 Rxf2 59.a6 Rb2+ 60.Ka5 Rb8 61.a7 Ra8 62.Kb6 h4 63.Kb7  1-0

[Event "Edinburgh op"]
[Site "Edinburgh"]
[Date "1988.??.??"]
[Round "7"]
[White "Grant, Jonathan"]
[Black "Hassabis, Demis"]
[Result "1/2-1/2"]
[WhiteElo "2200"]
[BlackElo "2200"]

1.c4 e6 2.Nf3 d5 3.b3 Nf6 4.g3 c5 5.Bg2 Nc6 6.Bb2 Be7 7.O-O O-O 8.e3 d4 9.exd4 cxd4
10.Re1 d3 11.a3 a5 12.Ne5 Nxe5 13.Rxe5 Rb8 14.Nc3 Bd7 15.Nb5 Bc6 16.Rc1 Bxg2
17.Kxg2 Nd7 18.Re3 Nc5 19.b4 axb4 20.axb4 Na6 21.c5 b6 22.Qg4 Qd5+ 23.Kg1 Qg5
24.Qc4 bxc5 25.Rxd3 Nxb4 26.Rd7 Rfd8 27.h4 Qf5 28.Rxe7 Nd3 29.Rf1 Nxb2 30.Qe2 Qd3
31.Qxd3 Nxd3 32.Nc3 Kf8 33.Ra7 Ne5 34.Ne4 Nf3+ 35.Kg2 Nxd2 36.Nxd2 Rxd2 37.Rc7 Rbd8
38.Ra1 R8d7 39.Ra8+ Ke7 40.Rxc5 Rb2 41.Rc3 f6 42.h5 f5 43.Rf3 Rb4 44.Re3 Rg4
45.Ra6 Rd6 46.Ra7+ Kf6 47.f4 h6 48.Rb3 g5 49.hxg6 Kxg6 50.Re3 Kf6 51.Rh7 Rg6
52.Kf3 Rd8 53.Rd3 Rdg8 54.Rdd7 Rxg3+ 55.Kf2 R8g7 56.Rxh6+ R3g6 57.Rxg6+ Rxg6
58.Rb7 Rg8 59.Ra7 Re8 60.Ra6 Rd8 61.Kf3  1/2-1/2

[Event "Frunze"]
[Site "Frunze"]
[Date "1988.??.??"]
[Round "?"]
[White "Neverov, Valeriy"]
[Black "Klovans, Janis"]
[Result "1-0"]
[WhiteElo "2440"]
[BlackElo "2400"]

1.c4 e6 2.Nf3 d5 3.g3 Nf6 4.Bg2 Be7 5.O-O O-O 6.d4 dxc4 7.Ne5 c5 8.dxc5 Bxc5
9.Nc3 Qe7 10.Bg5 Nbd7 11.Nxc4 h6 12.Bd2 Nb6 13.Nxb6 Bxb6 14.Na4 Bc7 15.Be3 Rd8
16.Qb3 Nd5 17.Bc5 Qe8 18.Nc3 b6 19.Nxd5 exd5 20.Bd4 Be5 21.Bxe5 Qxe5 22.Rad1 Be6
23.f4 Qf5 24.Rd4 Rac8 25.Rfd1 Qc2 26.e4 Bg4 27.R1d2 Qb1+ 28.Kf2 Re8 29.e5 Be6
30.Qd3 Qxd3 31.R4xd3 Red8 32.Rd4 a5 33.Ke3 Rc5 34.Bf3 Kf8 35.g4 g6 36.h3 Ke7
37.Bd1 Rdc8 38.Bb3 Rd8 39.Rf2 f5  1-0

[Event "Bundesliga 8788"]
[Site "Germany"]
[Date "1988.??.??"]
[Round "?"]
[White "Schneider, B."]
[Black "Federau, Juergen"]
[Result "0-1"]
[WhiteElo "2350"]
[BlackElo "2230"]

1.c4 e6 2.Nf3 d5 3.b3 Nf6 4.Bb2 Be7 5.g3 O-O 6.Bg2 b6 7.O-O Bb7 8.d3 c5 9.e3 dxc4
10.bxc4 Nc6 11.Qe2 Qc7 12.Nc3 Rfd8 13.Rfd1 a6 14.Rac1 Na7 15.d4 Ne4 16.Nxe4 Bxe4
17.Ne1 Bxg2 18.Nxg2 Bd6 19.Qg4 f5 20.Qf3 Qf7 21.Nf4 Rac8 22.d5 Bxf4 23.dxe6 Qxe6
24.Qxf4 Rd7 25.Rxd7 Qxd7 26.Qe5 Nc6 27.Qc3 Na5 28.Rc2 Qf7 29.Qd3 Re8 30.Bc1 Nc6
31.Qb3 Rd8 32.Qxb6 Rd1+ 33.Kg2 Qe6 34.Qb3 f4 35.Bb2 fxg3 36.Qc3 Qg6 37.hxg3 Qh6
38.Kf3 Qh5+ 39.g4 Qh3+ 40.Ke2 Qf1+ 41.Kf3 Nd4+ 42.Ke4 Qg2+ 43.Ke5 Nc6+ 44.Ke6 Qxg4+  0-1

[Event "BL2-W8788"]
[Site "Germany"]
[Date "1988.??.??"]
[Round "?"]
[White "Eising, Johannes"]
[Black "Buecker, Peter"]
[Result "1/2-1/2"]
[WhiteElo "2315"]
[BlackElo "2290"]

1.c4 e6 2.Nf3 d5 3.g3 Nf6 4.Bg2 c6 5.Qc2 Nbd7 6.d4 Ne4 7.O-O Bd6 8.b3 O-O
9.Nbd2 f5 10.Bb2 Qf6 11.Ne1 Qh6 12.Nxe4 fxe4 13.f3 Nf6 14.Bc1 Qg6 15.fxe4 Nxe4
16.Rxf8+ Kxf8 17.Nd3 Nxg3 18.hxg3 Qxg3 19.Ne5 Qe1+ 20.Bf1 Qg3+ 21.Bg2 Qe1+
22.Bf1 Qg3+ 23.Bg2  1/2-1/2

[Event "BL2-W8788"]
[Site "Germany"]
[Date "1988.??.??"]
[Round "?"]
[White "Dresen, Ulrich"]
[Black "Buecker, Peter"]
[Result "0-1"]
[WhiteElo "2270"]
[BlackElo "2290"]

1.c4 e6 2.Nf3 d5 3.g3 Nf6 4.Bg2 Be7 5.O-O O-O 6.b3 c6 7.d4 Nbd7 8.Bb2 b6
9.Ne5 Nxe5 10.dxe5 Nd7 11.Nd2 Ba6 12.Qc2 b5 13.cxd5 cxd5 14.Nf3 Rc8 15.Qd2 b4
16.Rfd1 Nc5 17.Nd4 Qb6 18.a3 bxa3 19.Bxa3 Rb8 20.e3 Rfc8 21.Qa2 Bb5 22.Rdc1 Bf8
23.Rc3 Nd7 24.Qc2 Rxc3 25.Qxc3 Bxa3 26.Rxa3 a6 27.Ra1 Qc5 28.Qxc5 Nxc5 29.f4 Bd3
30.Rc1 Nb7 31.Bf1 Bxf1 32.Kxf1 g6 33.g4 Na5 34.Rc3 Kg7 35.g5 h6 36.h4 hxg5
37.hxg5 Rb6 38.Ke2 Kf8 39.Kd3 Ke8 40.Kc2 Kd7 41.Rc5 Nb7 42.Rc3 Na5 43.Kd2 Rb4
44.Rd3 Rb6 45.Kc3 Nc6 46.Rd1 Nxd4 47.exd4 Kc6 48.Kb2 Kb5 49.Rc1 Rc6 50.Rh1 Kb4
51.Ra1 a5 52.Ra4+ Kb5 53.Ra1 Rc8 54.Rh1 Kb4 55.Rh3 Rf8 56.Rh1 a4 57.bxa4 Kc4
58.Rd1 Rb8+ 59.Ka2 Rb6 60.Rc1+ Kxd4 61.Rc7 Ke3 62.Rxf7 d4 63.f5 exf5 64.Rf6 Rb8
65.Rd6 f4 66.e6 Re8 67.e7 Rxe7 68.Rxg6 f3 69.Rf6 d3  0-1

[Event "Groningen"]
[Site "Groningen"]
[Date "1988.??.??"]
[Round "?"]
[White "Rogers, Ian"]
[Black "Piket, Jeroen"]
[Result "1/2-1/2"]
[WhiteElo "2535"]
[BlackElo "2495"]

1.c4 e6 2.Nf3 d5 3.g3 Nf6 4.Bg2 c5 5.cxd5 exd5 6.d4 Nc6 7.O-O Be7 8.Be3 cxd4
9.Nxd4 O-O 10.Nc3 Re8 11.Rc1 Bg4 12.h3 Be6 13.Nxe6 fxe6 14.Kh2 Rc8 15.f4 Kh8
16.Bg1 Bb4 17.a3 Bxc3 18.Rxc3 e5 19.fxe5 Rxe5 20.b4 a6 21.Rcf3 Qe8 22.Qa1 Qg6
23.Bc5 h6 24.Qb2 Kh7 25.a4  1/2-1/2

[Event "Hastings op8889"]
[Site "Hastings"]
[Date "1988.??.??"]
[Round "?"]
[White "McNab, Colin Anderson"]
[Black "Holland, Christopher"]
[Result "1-0"]
[WhiteElo "2420"]
[BlackElo "2290"]

1.c4 e6 2.Nf3 d5 3.b3 c5 4.g3 Nc6 5.Bg2 Nf6 6.O-O Be7 7.e3 O-O 8.Bb2 Qb6
9.Na3 d4 10.exd4 cxd4 11.d3 e5 12.Re1 Nd7 13.Nc2 Bd6 14.Bc1 a5 15.Ng5 Nf6
16.Ne4 Nxe4 17.Bxe4 f5 18.Bd5+ Kh8 19.Bg5 Bd7 20.Qh5 Be8 21.Qh4 Bg6 22.Rad1 Rae8
23.Re2 Ne7 24.Bf3 Ng8 25.Bh5 Bc5 26.Bd2 Bxh5 27.Qxh5 e4 28.Ne1 g6 29.Qh4 Nf6
30.Bg5 Ng4 31.dxe4 d3 32.Nxd3 Nxf2  1-0

[Event "UKR-ch"]
[Site "Lvov"]
[Date "1988.??.??"]
[Round "7"]
[White "Levin, Felix"]
[Black "Moskalenko, Viktor"]
[Result "1/2-1/2"]
[WhiteElo "2320"]
[BlackElo "2440"]

1.Nf3 e6 2.c4 d5 3.g3 c6 4.Qc2 f5 5.Bg2 Nf6 6.O-O Be7 7.d3 O-O 8.Nbd2 a5
9.b3 a4 10.a3 axb3 11.Nxb3 Bd6 12.d4 Qe7 13.a4 Ne4 14.Ne5 Nd7 15.Bf4 dxc4
16.Qxc4 Nb6 17.Qc2 Nf6 18.a5 Nbd5 19.Bd2 Rd8 20.Nc5 Bxc5 21.dxc5 Nd7 22.Nxd7 Bxd7
23.e4 Nf6 24.Bg5 h6 25.Bxf6 Qxf6 26.exf5 Qxf5 27.Be4 Qf6 28.Ra3 Be8 29.Rb1 Qe7
30.Qc3 Bf7 31.Qe5 Qd7 32.Rd3 Qe7 33.Rd6 Rxd6 34.cxd6 Qd7 35.Qc5 Rd8 36.Rd1 Ra8
37.h4 Ra6 38.Kg2 Kf8 39.Bd3 Ra8 40.Bc4 Kg8 41.Qb6 e5 42.Bxf7+ Kxf7 43.Qb3+ Kg6
44.Qb4 Re8 45.Rb1 e4 46.Qxb7 Qxd6 47.Rc1 c5 48.a6 Re7 49.Qa8 e3 50.a7 e2
51.h5+ Kh7 52.Qf3  1/2-1/2

[Event "UKR-ch"]
[Site "Lvov"]
[Date "1988.??.??"]
[Round "12"]
[White "Karpman, Vadim"]
[Black "Moroz, Alexander"]
[Result "1/2-1/2"]
[WhiteElo "2490"]
[BlackElo "2285"]

1.c4 e6 2.Nf3 d5 3.b3 Nf6 4.g3 a5 5.Bg2 Be7 6.O-O O-O 7.d4 a4 8.Ba3 b6 9.Bxe7 Qxe7
10.Nc3 a3 11.Rc1 Bb7 12.Ne5 Na6 13.cxd5 exd5 14.Re1 Nb4 15.Nd3 Rfd8 16.e3 h6
17.Qd2 Rd7 18.Red1 Kf8 19.Nxb4 Qxb4 20.Rc2 Qa5 21.Rdc1 Re7 22.Nb1 Qxd2 23.Nxd2 c6
24.Nf3 g6 25.Bh3 Kg7 26.Ne1 Ne4 27.Nd3 f6 28.Bg2 g5 29.Nb4 c5 30.dxc5 bxc5
31.Nd3 d4 32.Nxc5 Nxc5 33.Rxc5 Bxg2 34.Kxg2 dxe3 35.Rc7 Rxc7 36.Rxc7+ Kg6
37.fxe3 Rd8 38.Rc2 Rd1 39.Kf3 Ra1 40.Ke4 Kh5 41.Kd4 Kg4 42.b4 Rb1 43.Kc4 Rb2
44.Kc3 Rb1  1/2-1/2

[Event "URS-ch sf"]
[Site "Minsk"]
[Date "1988.??.??"]
[Round "?"]
[White "Dautov, Rustem"]
[Black "Zayac, Elena"]
[Result "1-0"]
[WhiteElo "2515"]
[BlackElo "2230"]

1.c4 e6 2.Nf3 d5 3.g3 g6 4.Bg2 Bg7 5.d4 Ne7 6.Nc3 Nbc6 7.Bg5 h6 8.Bxe7 Nxe7
9.O-O O-O 10.Qd3 b6 11.cxd5 exd5 12.Rfd1 Be6 13.b4 c6 14.e3 Qd6 15.a3 Rfd8
16.Na4 Bd7 17.Qb3 Be8 18.Rac1 Nf5 19.Nc3 Qe6 20.a4 Rac8 21.Ne1 g5 22.Nd3 Ne7
23.Ne2 Qd7 24.Rd2 Nf5 25.Rdc2 Nd6 26.Nc3 Qf5 27.Nb2 Ne4 28.Nxe4 dxe4 29.Nd1 Bd7
30.b5 cxb5 31.Rxc8 Rxc8 32.Rxc8+ Bxc8 33.axb5 Be6 34.Qb1 Bc4 35.Nc3 Bd3 36.Qb3 Bf8
37.Bf1 Bxf1 38.Kxf1  1-0

[Event "NRW-ch"]
[Site "Nordwalde"]
[Date "1988.??.??"]
[Round "5"]
[White "Dresen, Ulrich"]
[Black "Balzar, Andreas"]
[Result "1-0"]
[WhiteElo "2275"]
[BlackElo "2365"]

1.c4 e6 2.Nf3 d5 3.g3 Nf6 4.Bg2 Be7 5.O-O O-O 6.b3 c5 7.Bb2 d4 8.e3 Nc6 9.exd4 cxd4
10.Re1 Ne8 11.Ne5 Nxe5 12.Rxe5 f6 13.Re1 e5 14.d3 Nc7 15.Ba3 Bxa3 16.Nxa3 Qd6
17.Qc1 Bf5 18.c5 Qa6 19.Qc4+ Qxc4 20.Nxc4 Bxd3 21.Bxb7 Rab8 22.Nd6 Nb5 23.Bd5+ Kh8
24.Nf7+ Rxf7 25.Bxf7 Na3 26.Rac1 Bc2 27.Be6 Rb7 28.c6 Rc7 29.Bd7 d3 30.Rcd1 g6
31.f3 Nb5 32.Rd2 Nd4 33.Kf2 Nxc6 34.Bxc6 Rxc6 35.Re4 Kg7 36.Ra4 a6 37.f4 exf4
38.Rxf4 f5 39.Ke3 Rd6 40.Rdf2 Re6+ 41.Kd2 Bb1 42.a3 Rb6 43.Kc3 Rd6 44.Rc4 Kf6
45.Rc5 Kg5 46.b4 Re6 47.Kd2 Kg4 48.Rc4+ Kg5 49.a4 Rb6 50.Kc3 Bc2 51.a5 Rd6
52.Rc7 h5 53.Rb7 Rc6+ 54.Kd4 Rd6+ 55.Ke3 Re6+ 56.Kd2 h4 57.gxh4+ Kh5 58.Rg2 Re2+
59.Rxe2 dxe2 60.Kxe2 Kxh4 61.Rb6 g5 62.Rxa6 Kh3 63.Rh6+ Kg2 64.Rh5 g4 65.Ke3  1-0

[Event "Novi Sad op"]
[Site "Novi Sad"]
[Date "1988.??.??"]
[Round "9"]
[White "Zilberman, Nathan R"]
[Black "Moskalenko, Viktor"]
[Result "1/2-1/2"]
[WhiteElo "2420"]
[BlackElo "2440"]

1.c4 e6 2.Nf3 d5 3.g3 c6 4.b3 f5 5.Bg2 Nf6 6.O-O Be7 7.Bb2 O-O 8.d3 a5 9.Nbd2 Na6
10.Qc2 a4 11.e4 Nb4 12.Qb1 Nxd3 13.Qxd3 fxe4 14.Qc2 exf3 15.Nxf3 a3 16.Bd4 Ne4
17.c5 Qa5 18.Rac1 Qb4 19.Rfd1 Qa5 20.Ne5 Ng5 21.f4 Nf7 22.Ng4 e5 23.Nxe5 Nxe5
24.Bxe5 Bf5 25.Qf2 Rae8 26.Re1 Bf6 27.Qd4 Bxe5 28.fxe5 Re7  1/2-1/2

[Event "Oslo"]
[Site "Oslo"]
[Date "1988.??.??"]
[Round "?"]
[White "Karlsson, Lars"]
[Black "Ostenstad, Berge"]
[Result "1-0"]
[WhiteElo "2510"]
[BlackElo "2410"]

1.c4 e6 2.Nf3 d5 3.g3 Nf6 4.Bg2 Be7 5.O-O O-O 6.b3 b6 7.Bb2 Bb7 8.e3 c5 9.d3 Nc6
10.Qe2 Qc7 11.Nbd2 Rad8 12.a3 Rfe8 13.Rac1 Qb8 14.Rfd1 Nd7 15.Rb1 Bf6 16.b4 Bxb2
17.Rxb2 dxc4 18.Nxc4 cxb4 19.axb4 b5 20.Ncd2 e5 21.Ng5 Nf8 22.Qh5 f6 23.Nge4 Ne7
24.Nb3 Ne6 25.Bh3 Nf8 26.Nbc5 Bd5 27.Nc3 Bf7 28.Qf3 Nd5 29.Rc1 Nxc3 30.Rxc3 Ne6
31.Bxe6 Bxe6 32.Nxe6 Rxe6 33.Rbc2 Re7 34.Rc6 Qb7 35.Qe4 Qd7 36.R2c3 Qd5 37.Rc8 Rd7
38.Rxd8+ Rxd8 39.Rc8 Qd7 40.Rxd8+ Qxd8 41.Qc6 a6 42.d4 exd4 43.exd4 Qe7 44.Qc3 Qe6
45.h4 h5 46.Qc5 Qc4 47.Qd6 Qe2 48.d5 Qe1+ 49.Kg2 Qe4+ 50.Kh2 Qe2 51.Qb8+ Kh7
52.Qb6 f5 53.Qd4 Qc4 54.Qd1 Kg6 55.d6 Qc8 56.d7 Qd8 57.Qd6+ Kf7 58.Kg1 g6
59.Kf1 Kg7 60.Ke2 Kf7 61.Kd3  1-0

[Event "Paris-ch"]
[Site "Paris"]
[Date "1988.??.??"]
[Round "6"]
[White "Gutman, Lev"]
[Black "Flear, Glenn C"]
[Result "1-0"]
[WhiteElo "2465"]
[BlackElo "2460"]

1.c4 e6 2.Nf3 d5 3.g3 Nf6 4.Bg2 Be7 5.O-O O-O 6.b3 c5 7.Bb2 Nc6 8.e3 Bd7
9.d3 Qb6 10.Qe2 Rfd8 11.Nbd2 Be8 12.cxd5 Nxd5 13.Nc4 Qa6 14.h4 b5 15.Ncd2 Bf6
16.Ne4 Bxb2 17.Qxb2 c4 18.dxc4 bxc4 19.Qe2 Na5 20.Rfc1 Rac8 21.Ned2 Rc7 22.Ne5 Rdc8
23.Nexc4 Nb6 24.Bf1 Bb5 25.Qg4 Naxc4 26.Nxc4 Nxc4 27.bxc4 Bxc4 28.Qf4 Rc6
29.Rxc4 Rxc4 30.Rd1 g6 31.Bxc4 Rxc4 32.Rd8+ Kg7 33.Qe5+ Kh6 34.Rg8 Rc1+ 35.Kh2 Rh1+
36.Kg2 Qf1+ 37.Kf3 Qd1+ 38.Kf4 f6 39.Qxf6 Qd6+ 40.Kg4  1-0

[Event "Reggio Emilia8889-B"]
[Site "Reggio Emilia"]
[Date "1988.??.??"]
[Round "3"]
[White "Anceschi, Vittorio"]
[Black "Caposciutti, Maurizio"]
[Result "1/2-1/2"]
[WhiteElo "2295"]
[BlackElo "2270"]

1.c4 e6 2.Nf3 d5 3.g3 Nf6 4.b3 Be7 5.Bg2 O-O 6.O-O b6 7.Bb2 Bb7 8.e3 Nbd7
9.Qe2 c5 10.Rd1 Qc7 11.Nc3 Rfe8 12.Rac1 e5 13.cxd5 Nxd5 14.Nxd5 Bxd5 15.d3 Rad8
16.Nd2 Bxg2 17.Kxg2 Qb7+ 18.Qf3 Qxf3+ 19.Kxf3 f6 20.Ne4 Nf8 21.Ke2 Ne6 22.f4 f5
23.Nc3 exf4 24.gxf4  1/2-1/2